Data analysis: a Bayesian tutorial (Record no. 7688)

000 -LEADER
fixed length control field 00558 a2200169 4500
020 ## - INTERNATIONAL STANDARD BOOK NUMBER
International Standard Book Number 0198518897
020 ## - INTERNATIONAL STANDARD BOOK NUMBER
International Standard Book Number 0198518897
040 ## - CATALOGING SOURCE
Original cataloging agency DLC
Language of cataloging DLC
100 10 - MAIN ENTRY--PERSONAL NAME
Personal name Sivia, D. S.
245 10 - TITLE STATEMENT
Title Data analysis: a Bayesian tutorial
Remainder of title : a Bayesian tutorial
Statement of responsibility, etc. D.S. Sivia.
260 ## - PUBLICATION, DISTRIBUTION, ETC.
Place of publication, distribution, etc. Oxford
Name of publisher, distributor, etc. : Clarendon Press
Place of publication, distribution, etc. ; New York
Name of publisher, distributor, etc. : Oxford University Press,
Date of publication, distribution, etc. 1996.
300 ## - PHYSICAL DESCRIPTION
Extent xi, 189 p.
Other physical details : ill.
Dimensions ; 24 cm.
440 #0 - SERIES STATEMENT/ADDED ENTRY--TITLE
Title Oxford science publications.
650 #0 - SUBJECT ADDED ENTRY--TOPICAL TERM
Topical term or geographic name entry element Bayesian statistical decision theory.
650 #0 - SUBJECT ADDED ENTRY--TOPICAL TERM
Topical term or geographic name entry element Maximum entropy method.
942 ## - ADDED ENTRY ELEMENTS (KOHA)
Koha item type Book
Call number prefix 519.542 SIV
Source of classification or shelving scheme
Holdings
Withdrawn status Lost status Damaged status Not for loan Collection code Permanent Location Current Location Shelving location Date acquired Source of acquisition Cost, normal purchase price Total Checkouts Full call number Barcode Date last seen Price effective from Koha item type
          Central Library (CL) Central Library (CL) General Stacks 11/29/2006 Progressive International Agencies 3534.00   519.542 SIV SEECS007826 11/14/2012 01/05/2017 Book
© 2023 Central Library, National University of Sciences and Technology. All Rights Reserved.